Представление документа в формате MARC21

Поле Инд. ПП Название Значение
Тип записи m
Библиографический уровень m
001 Контрольный номер 45a84410f2544e0b8a9fa3b525c3d564
005 Дата корректировки 20230131090052.4
008 Кодируемые данные 160218|||||||||ru |||||||||||||||||rus||
041 0_ a Код языка текста rus
084 a Индекс другой классификации/Индекс ББК 81.2Англ
090 x Авторский знак С 23
245 10 a Заглавие Сборник дополнительных упражнений к учебнику "English File (Intermediate)"
b Продолж. заглавия метод. указания для студентов 1-2 курсов всех направлений
c Ответственность Федер. агентство по рыболовству, ФГБОУ ВПО "Мурман. гос. техн. ун-т", Каф. иностр. яз. ; сост. А. К. Мишинева
h Физич. носитель Электронный ресурс
246 01 a Другая форма заглавия Supplementary File for "English File (Intermediate)"
256 a Характеристики компьютерного файла Электрон. текстовые дан. (1 файл : 351 Кб)
260 a Место издания Мурманск
b Издательство Изд-во МГТУ
c Дата издания 2015
500 a Примечание Доступ из локальной сети Мурман. гос. техн. ун-та. - Загл. с экрана
583 x Служебное примечание Полнотекстовые документы
x Служебное примечание Труды преподавателей МГТУ
z Открытое примечание Для студентов всех специальностей
650 04 a Основная рубрика Английский язык-Изучение и преподавание
653 0_ a Ключевые слова Английская грамматика; Английский язык; Методические указания; Обучение английскому языку; Труды преподавателей МГТУ; Электронные версии
856 40 u URL https://elib.mauniver.ru/2015/M_15_54.pdf
901 t Тип документа m
952 c Вид литературы учебно-методическое издание